| Поле | Название | Значение |
| |
Тип записи |
a |
| |
Библиографический уровень |
m |
| 001 |
Контрольный номер |
RU\infra-m\znanium\bibl\2211140 |
| 005 |
Дата корректировки |
20260429142239.1 |
| 008 |
Кодируемые данные |
251225s2025 RU g rus u |
| 020 |
Индекс ISBN |
__ |
| a |
ISBN |
978-5-16-021028-5 |
| 020 |
Индекс ISBN |
__ |
| a |
ISBN |
978-5-16-113730-7 (электр. издание) |
| 040 |
Источник каталогиз. |
__ |
| a |
Служба первич. каталог. |
Общество с ограниченной ответственностью «ЗНАНИУМ» |
| 041 |
Код языка издания |
__ |
| a |
Код языка текста |
rus |
| 044 |
Код страны публикации |
__ |
| a |
Код страны публикации |
RU |
| 080 |
Индекс УДК |
__ |
| a |
Индекс УДК |
248.2(075.4) |
| 084 |
Индекс другой классификации/Индекс ББК |
__ |
| 2 |
Источник индекса |
rubbk |
| a |
Индекс другой классификации/Индекс ББК |
86.40 |
| 084 |
Индекс другой классификации/Индекс ББК |
__ |
| 2 |
Источник индекса |
okso |
| a |
Индекс другой классификации/Индекс ББК |
37.03.01 |
| 084 |
Индекс другой классификации/Индекс ББК |
__ |
| 2 |
Источник индекса |
okso |
| a |
Индекс другой классификации/Индекс ББК |
40.03.01 |
| 084 |
Индекс другой классификации/Индекс ББК |
__ |
| 2 |
Источник индекса |
okso |
| a |
Индекс другой классификации/Индекс ББК |
44.03.01 |
| 084 |
Индекс другой классификации/Индекс ББК |
__ |
| 2 |
Источник индекса |
okso |
| a |
Индекс другой классификации/Индекс ББК |
44.03.05 |
| 084 |
Индекс другой классификации/Индекс ББК |
__ |
| 2 |
Источник индекса |
okso |
| a |
Индекс другой классификации/Индекс ББК |
46.03.01 |
| 084 |
Индекс другой классификации/Индекс ББК |
__ |
| 2 |
Источник индекса |
okso |
| a |
Индекс другой классификации/Индекс ББК |
47.03.01 |
| 084 |
Индекс другой классификации/Индекс ББК |
__ |
| 2 |
Источник индекса |
okso |
| a |
Индекс другой классификации/Индекс ББК |
47.03.03 |
| 084 |
Индекс другой классификации/Индекс ББК |
__ |
| 2 |
Источник индекса |
okso |
| a |
Индекс другой классификации/Индекс ББК |
47.04.01 |
| 084 |
Индекс другой классификации/Индекс ББК |
__ |
| 2 |
Источник индекса |
okso |
| a |
Индекс другой классификации/Индекс ББК |
47.04.03 |
| 084 |
Индекс другой классификации/Индекс ББК |
__ |
| 2 |
Источник индекса |
okso |
| a |
Индекс другой классификации/Индекс ББК |
48.03.01 |
| 084 |
Индекс другой классификации/Индекс ББК |
__ |
| 2 |
Источник индекса |
okso |
| a |
Индекс другой классификации/Индекс ББК |
51.03.01 |
| 084 |
Индекс другой классификации/Индекс ББК |
__ |
| 2 |
Источник индекса |
okso |
| a |
Индекс другой классификации/Индекс ББК |
51.03.04 |
| 084 |
Индекс другой классификации/Индекс ББК |
__ |
| 2 |
Источник индекса |
okso |
| a |
Индекс другой классификации/Индекс ББК |
54.03.04 |
| 100 |
Автор |
__ |
| a |
Автор |
Жиртуева Н.С. |
| q |
Полное имя |
Жиртуева Наталья Сергеевна |
| u |
Дополнение |
Севастопольский государственный университет |
| 245 |
Заглавие |
__ |
| a |
Заглавие |
Философско-мистические традиции мира |
| b |
Продолж. заглавия |
Монография |
| c |
Ответственность |
Севастопольский государственный университет |
| 250 |
Сведения об издании |
__ |
| g |
|
исправ. и доп. |
| a |
Основные сведения об издании |
3 |
| 260 |
Выходные данные |
__ |
| a |
Место издания |
Москва |
| b |
Издательство |
ООО "Научно-издательский центр ИНФРА-М" |
| c |
Дата издания |
2026 |
| 300 |
Физическое описание |
__ |
| a |
Объем |
275 с. |
| 440 |
Серия |
__ |
| a |
Серия |
Научная мысль (СевГУ) |
| 520 |
Аннотация |
__ |
| a |
Аннотация |
В монографии исследуется сущность мистики как учения о «единении» с Абсолютной реальностью результатом которого становится трансформация сознания и личности человека. На основе компаративного анализа философских учений мира делаются выводы о существовании универсальных и индивидуальных особенностей мистической теории и практики. Монография носит междисциплинарный характер. Проводятся параллели между современной научной и мистической картинами мира исследуются психологический и социальный векторы мистического феномена. Адресована преподавателям аспирантам студентам и всем тем кто интересуется историей и философией религии. |
| 521 |
Примеч. о цел. назн. |
__ |
| a |
Примеч. о целев. назн. |
Дополнительное профессиональное образование |
| 650 |
Тематические рубрики |
__ |
| a |
Основная рубрика |
Философия |
| x |
Основная подрубрика |
Религиозная философия |
| 655 |
Указ. предметных рубрик (устаревшее) |
__ |
| a |
Жанр/ форма (устаревшее) |
Монография |
| 856 |
Электронный адрес документа |
4_ |
| a |
Имя сервера/домена |
znanium.ru |
| m |
Помощь |
ebs_support@infra-m.ru |
| n |
Местонахождение сервера |
НИЦ ИНФРА-М |
| u |
URL |
https://znanium.ru/catalog/document?id=475788 |
| 856 |
Электронный адрес документа |
48 |
| a |
Имя сервера/домена |
znanium.ru |
| d |
Путь |
/cover/2211 |
| f |
Электронное имя |
2211140.jpg |
| q |
Тип электронного формата |
image/jpeg |
| u |
URL |
https://znanium.ru/cover/2211/2211140.jpg |
| 911 |
|
__ |
| u |
|
0030=https://znanium.ru/catalog/document?id=475788 |